Basic of cloud computing/ (Record no. 3101)

MARC details
000 -LEADER
fixed length control field 00734nam a22002297a 4500
003 - CONTROL NUMBER IDENTIFIER
control field OSt
005 - DATE AND TIME OF LATEST TRANSACTION
control field 20250725014218.0
008 - FIXED-LENGTH DATA ELEMENTS--GENERAL INFORMATION
fixed length control field 241129b |||||||| |||| 00| 0 eng d
020 ## - INTERNATIONAL STANDARD BOOK NUMBER
International Standard Book Number 9781647266998
040 ## - CATALOGING SOURCE
Original cataloging agency OC
Transcribing agency DWCL-Main Lib.
082 ## - DEWEY DECIMAL CLASSIFICATION NUMBER
Classification number Res. 004.6782 R452b 2024
006 - FIXED-LENGTH DATA ELEMENTS--ADDITIONAL MATERIAL CHARACTERISTICS
fixed length control field a|||||r|||| 00| 0
100 ## - MAIN ENTRY--PERSONAL NAME
Personal name Revere, Sam
245 ## - TITLE STATEMENT
Title Basic of cloud computing/
Statement of responsibility, etc. Sam Revere
260 ## - PUBLICATION, DISTRIBUTION, ETC.
Place of publication, distribution, etc. New York :
Name of publisher, distributor, etc. Clanrye International,
Date of publication, distribution, etc. c2024.
300 ## - PHYSICAL DESCRIPTION
Extent vii, 227 pages :
Other physical details color illustrations ;
Dimensions 26 cm.
504 ## - BIBLIOGRAPHY, ETC. NOTE
Bibliography, etc. note Includes bibliographical references and index.
650 ## - SUBJECT ADDED ENTRY--TOPICAL TERM
Topical term or geographic name entry element 1. Cloud computing
650 ## - SUBJECT ADDED ENTRY--TOPICAL TERM
Topical term or geographic name entry element 2. Electronic data processing--distributed processing
650 ## - SUBJECT ADDED ENTRY--TOPICAL TERM
Topical term or geographic name entry element 3. Web services
942 ## - ADDED ENTRY ELEMENTS (KOHA)
Source of classification or shelving scheme Dewey Decimal Classification
Koha item type Book- Reserved
Call number prefix Res.
Suppress in OPAC No
Holdings
Withdrawn status Lost status Source of classification or shelving scheme Damaged status Not for loan Home library Current library Shelving location Date acquired Source of acquisition Total Checkouts Full call number Barcode Date last seen Copy number Price effective from Koha item type Public note Uniform Resource Identifier
    Dewey Decimal Classification     College Library College Library Circulation 11/23/2024 School Fund   Circ. 004.6782 R452b 2024 54250 11/29/2024 1 11/29/2024 Book Circulation J.R